Succeeding in statistics : a review of math, spreadsheet, and graphing calculator skills for elementary statistics /

保存先:
書誌詳細
第一著者: Shiffler, Ronald E.
その他の著者: Adams, Arthur J.
フォーマット: 図書
言語:English
出版事項: Pacific Grove, CA : Duxbury Press, 1999.
主題:
タグ: タグ追加
タグなし, このレコードへの初めてのタグを付けませんか!
Thư viện lưu trữ: Mạng thư viện Đại học Đà Nẵng
LEADER 00940cam a2200337 i 4500
001 000048305
003 8017
005 20030327082717.0
008 010324|1999 vm 000 eng
020 |a 0534362346 
022 |a T 
040 |a IRC  |c IRC  |d IRC 
041 0 |a eng 
082 1 4 |a 510  |b SH-R 
100 1 |a Shiffler, Ronald E. 
245 0 0 |a Succeeding in statistics :  |b a review of math, spreadsheet, and graphing calculator skills for elementary statistics /  |c Ronald E. Shiffler, Arthur J. Adams. 
260 |a Pacific Grove, CA :  |b Duxbury Press,  |c 1999. 
300 |a vii, 179 p. :  |b ill. ;  |c 23.5cm. 
630 0 4 |a Mathematics. 
650 0 4 |a Mathematics. 
700 1 |a Adams, Arthur J. 
OWN |a DUT 
999 |a From the UDN01 
TYP |a Monograph 
TYP |a Printed language 
980 |a Mạng thư viện Đại học Đà Nẵng